Barcelona, new golf destination : Barcelona is much more Barcelona is much more

Publicat: Barcelona : Diputació de Barcelona , 2014
Descripció física: 1 díptic : il. ; 24 x 17 cm
Altres autors: Turisme de Catalunya

MARC

LEADER 00000nam a2200000Ia 4500
001 24022
008 160829s2014 xx 000 0 cat d
080 |a FU-62-150 
245 |a Barcelona, new golf destination :  |b  Barcelona is much more 
260 |a Barcelona :  |b Diputació de Barcelona,  |c 2014 
300 |a 1 díptic :  |b  il. ;  |c 24 x 17 cm 
650 0 |a Camps de golf  |z Barcelona (província)  |v Directoris  |9 49447 
700 |a Turisme de Catalunya  |9 49448 
710 1 |a Barcelona (Catalunya : Província).  |b Diputació  |9 52408 
856 |u www.barcelonaismuchmore.com 
901 |a Arxiu 
942 |n 1 
952 |0 0  |1 0  |4 0  |6 FU62150  |7 1  |9 55335  |a Arxiu  |b Arxiu  |d 2016-12-01  |l 0  |o FU-62-150  |p 24022  |r 2016-12-01 00:00:00  |w 2016-12-01  |y ARXIU 
999 |c 59208  |d 59208